[Event "Lublin Zukertort Memorial 6th"]
[Site "Lublin"]
[Date "2014.06.20"]
[Round "6"]
[White "Pikulinski, Janusz"]
[Black "Czerw, Dawid"]
[Result "1/2-1/2"]
[WhiteElo "1826"]
[BlackElo "1969"]
[PlyCount "66"]
[EventDate "2014.06.17"]
[EventType "tourn"]
[EventRounds "7"]
[EventCountry "POL"]
[SourceTitle "CBM 161 Extra"]
[Source "ChessBase"]
[SourceDate "2014.08.29"]
[SourceVersion "1"]
[SourceVersionDate "2014.08.29"]
[SourceQuality "1"]

1. d4 d5 2. Nf3 Nf6 3. Bf4 Bf5 4. e3 e6 5. Bd3 Bg6 6. Ne5 Bd6 7. Nc3 c6 8. Qe2 Bxe5 9. Bxe5 Nbd7 10. Bg3 Qe7 11. a3 Nh5 12. e4 Nxg3 13. hxg3 dxe4 14. Bxe4 Bxe4 15. Nxe4 Nf6 16. Nxf6+ Qxf6 17. Qe5 Qxe5+ 18. dxe5 Ke7 19. Rd1 h6 20. Rh4 Rhd8 21. Rhd4 Rd5 22. c4 Rxd4 23. Rxd4 Rh8 24. Ke2 c5 25. Rd1 Rc8 26. Ke3 Rc6 27. Kd3 Rc8 28. Kc3 h5 29. Rh1 g6 30. Rd1 Rh8 31. b4 Rc8 32. Rd2 Rc7 33. b5 Rc8 1/2-1/2

[Event "Lublin Zukertort Memorial 6th"]
[Site "Lublin"]
[Date "2014.06.18"]
[Round "3"]
[White "Pikulinski, Janusz"]
[Black "Cyra, Dariusz"]
[Result "0-1"]
[WhiteElo "1826"]
[BlackElo "1814"]
[PlyCount "68"]
[EventDate "2014.06.17"]
[EventType "tourn"]
[EventRounds "7"]
[EventCountry "POL"]
[SourceTitle "CBM 161 Extra"]
[Source "ChessBase"]
[SourceDate "2014.08.29"]
[SourceVersion "1"]
[SourceVersionDate "2014.08.29"]
[SourceQuality "1"]

1. d4 Nf6 2. c4 c5 3. d5 e6 4. Nc3 exd5 5. Nxd5 d6 6. Bg5 Be7 7. Nxe7 Qxe7 8. Nf3 0-0 9. e3 Be6 10. Be2 Rd8 11. 0-0 d5 12. cxd5 Bxd5 13. Qc2 b6 14. Bd3 h6 15. Bh4 Nc6 16. Qc3 g5 17. Bg3 Nh5 18. Rfd1 Nxg3 19. hxg3 Rd6 20. e4 Be6 21. e5 Rdd8 22. Be4 Qc7 23. Rd6 Rxd6 24. exd6 Qxd6 25. Ne5 Bd5 26. Rd1 Nd4 27. Rxd4 cxd4 28. Qxd4 Rd8 29. Bc2 Bb7 30. Qe3 Qd4 31. Ng4 Qxg4 32. Qe7 Qd7 33. Qf6 Qd6 34. Qf5 Qg6 0-1

[Event "Lublin Chmielewski Memorial"]
[Site "Lublin"]
[Date "2013.12.27"]
[Round "1"]
[White "Stoma, Pawel"]
[Black "Pikulinski, Janusz"]
[Result "1-0"]
[WhiteElo "2314"]
[BlackElo "1848"]
[PlyCount "47"]
[EventDate "2013.12.27"]
[EventType "swiss"]
[EventRounds "7"]
[EventCountry "POL"]
[SourceTitle "CBM 158 Extra"]
[Source "ChessBase"]
[SourceDate "2014.02.28"]
[SourceVersion "1"]
[SourceVersionDate "2014.02.28"]
[SourceQuality "1"]

1. e4 e5 2. Nf3 Nc6 3. Bb5 a6 4. Ba4 Nf6 5. d3 d6 6. c3 b5 7. Bc2 Be7 8. Nbd2 0-0 9. Nf1 d5 10. Qe2 dxe4 11. dxe4 Be6 12. Ne3 h6 13. 0-0 Bc5 14. Rd1 Qc8 15. a4 Bxe3 16. Qxe3 Qb7 17. Ne1 Rfd8 18. Nd3 Na5 19. Nc5 Qc6 20. Rxd8+ Rxd8 21. axb5 Qxb5 22. Rxa5 Qxa5 23. Nb7 Ng4 24. Qe1 1-0

[Event "Lublin Zukertort Memorial 5th"]
[Site "Lublin"]
[Date "2013.06.??"]
[Round "7"]
[White "Pikulinski, Janusz"]
[Black "Flisiak, Piotr"]
[Result "1-0"]
[WhiteElo "1894"]
[BlackElo "1704"]
[PlyCount "63"]
[EventDate "2013.06.24"]
[EventType "swiss"]
[EventRounds "9"]
[EventCountry "POL"]
[SourceTitle "EXT 2014"]
[Source "ChessBase"]
[SourceDate "2013.11.20"]
[SourceVersion "1"]
[SourceVersionDate "2013.11.20"]
[SourceQuality "1"]

1. Nf3 Nf6 2. d4 e6 3. Bg5 Be7 4. c4 c5 5. e3 0-0 6. Nc3 d6 7. Be2 Nc6 8. 0-0 b6 9. Qb3 Bb7 10. Rfd1 cxd4 11. Nxd4 Nxd4 12. Rxd4 h6 13. Bh4 e5 14. Rd2 Ne4 15. Nxe4 Bxe4 16. Bxe7 Qxe7 17. Rad1 Rfd8 18. Qa3 Rac8 19. Rxd6 Rxd6 20. Qxd6 Qg5 21. Bf1 Kh7 22. b3 Rc6 23. Qd8 Qxd8 24. Rxd8 Bb1 25. Bd3+ Bxd3 26. Rxd3 Rc7 27. Rd5 f6 28. e4 Kg6 29. Kf1 Kf7 30. Ke2 Ke6 31. Kd3 Ke7 32. b4 1-0

[Event "Lublin Zukertort Memorial 5th"]
[Site "Lublin"]
[Date "2013.06.??"]
[Round "1"]
[White "Pikulinski, Janusz"]
[Black "Wojciechowski, Adam"]
[Result "0-1"]
[WhiteElo "1894"]
[BlackElo "2143"]
[PlyCount "64"]
[EventDate "2013.06.24"]
[EventType "swiss"]
[EventRounds "9"]
[EventCountry "POL"]
[SourceTitle "EXT 2014"]
[Source "ChessBase"]
[SourceDate "2013.11.20"]
[SourceVersion "1"]
[SourceVersionDate "2013.11.20"]
[SourceQuality "1"]

1. Nf3 d5 2. d4 Nf6 3. Bf4 e6 4. e3 Bd6 5. Ne5 Nbd7 6. Bb5 Bxe5 7. dxe5 Ne4 8. f3 Nec5 9. 0-0 c6 10. Be2 0-0 11. Qd4 a5 12. Nd2 b6 13. e4 Na6 14. exd5 cxd5 15. c4 Bb7 16. Rac1 Ndc5 17. cxd5 Bxd5 18. Nc4 Bxc4 19. Qxc4 Nc7 20. Rfd1 Nd5 21. Bg3 Qg5 22. f4 Qe7 23. Bf2 Rac8 24. Bf3 Rfd8 25. a3 a4 26. Bxd5 exd5 27. Rxd5 Rxd5 28. Qxd5 Rd8 29. Bxc5 bxc5 30. Qxc5 Rd1+ 31. Kf2 Qh4+ 32. Ke2 Qe1+ 0-1

[Event "POL-chT Otwarta Lubelska"]
[Site "Wojewodztwo Lubelskie"]
[Date "2013.03.03"]
[Round "12.7"]
[White "Pikulinski, Janusz"]
[Black "Warowny, Marcin"]
[Result "1/2-1/2"]
[WhiteElo "1967"]
[BlackElo "1845"]
[PlyCount "86"]
[EventDate "2013.01.06"]
[EventType "team-tourn"]
[EventRounds "14"]
[EventCountry "POL"]
[SourceTitle "EXT 2020"]
[Source "ChessBase"]
[SourceDate "2019.10.17"]
[SourceVersion "1"]
[SourceVersionDate "2019.10.17"]
[SourceQuality "1"]
[WhiteTeam "Lublin Drakon"]
[BlackTeam "Lublin AZS UMCS"]
[WhiteTeamCountry "POL"]
[BlackTeamCountry "POL"]

1. e4 c5 2. Nf3 d6 3. d4 cxd4 4. Nxd4 Nf6 5. Nc3 a6 6. Be2 e6 7. Be3 b5 8. a3 Bb7 9. f3 Nbd7 10. Nb3 Be7 11. Qd2 d5 12. exd5 Nxd5 13. Nxd5 Bxd5 14. 0-0 0-0 15. Kh1 Ne5 16. Rfd1 Qc8 17. Bd4 Nd7 18. Bc3 Bf6 19. Bxf6 Nxf6 20. Rac1 Qc7 21. Qb4 Rfc8 22. a4 Bc4 23. Bxc4 Qxc4 24. Qxc4 Rxc4 25. axb5 axb5 26. Ra1 Rac8 27. c3 Ra4 28. Rxa4 bxa4 29. Nc5 a3 30. bxa3 Nd5 31. Ne4 f5 32. Ng5 Rxc3 33. Nxe6 Rxa3 34. Kg1 Nf6 35. Rd2 h6 36. Kf2 Kf7 37. Nd4 Kg6 38. g3 Ra6 39. h4 Rb6 40. Ne2 Nh5 41. Rc2 Ra6 42. Rb2 Rd6 43. Rc2 Ra6 1/2-1/2

[Event "POL-chT Otwarta Lubelska"]
[Site "Wojewodztwo Lubelskie"]
[Date "2013.01.27"]
[Round "2.12"]
[White "Flisiak, Piotr"]
[Black "Pikulinski, Janusz"]
[Result "0-1"]
[WhiteElo "1669"]
[BlackElo "1967"]
[PlyCount "60"]
[EventDate "2013.01.06"]
[EventType "team-tourn"]
[EventRounds "14"]
[EventCountry "POL"]
[SourceTitle "EXT 2020"]
[Source "ChessBase"]
[SourceDate "2019.10.17"]
[SourceVersion "1"]
[SourceVersionDate "2019.10.17"]
[SourceQuality "1"]
[WhiteTeam "Figuranci"]
[BlackTeam "Lublin Drakon"]
[WhiteTeamCountry "POL"]
[BlackTeamCountry "POL"]

1. c4 Nf6 2. Nc3 g6 3. Nf3 Bg7 4. g3 0-0 5. Bg2 d6 6. 0-0 e5 7. d3 Nc6 8. Rb1 Bf5 9. b4 Rb8 10. Nh4 Be6 11. a4 Qd7 12. Ba3 Bh3 13. b5 Bxg2 14. Kxg2 Ne7 15. Bc1 d5 16. cxd5 Nexd5 17. Nxd5 Qxd5+ 18. Nf3 c5 19. Bb2 Rfe8 20. Qc2 b6 21. Rfd1 Qd6 22. e3 Nd5 23. d4 cxd4 24. exd4 Rbc8 25. dxe5 Rxc2 26. exd6 Ne3+ 27. Kh3 Nxd1 28. Bxg7 Nxf2+ 29. Kh4 Kxg7 30. Nd4 Rc4 0-1

[Event "Lublin Gerlecka Memorial 2nd"]
[Site "Lublin"]
[Date "2012.08.07"]
[Round "7.9"]
[White "Pikulinski, Janusz"]
[Black "Fraczek, Weronika"]
[Result "1-0"]
[WhiteElo "1999"]
[BlackElo "1309"]
[PlyCount "85"]
[EventDate "2012.08.07"]
[EventType "swiss"]
[EventRounds "9"]
[EventCountry "POL"]
[SourceTitle "EXT 2023"]
[Source "ChessBase"]
[SourceDate "2022.10.05"]
[SourceVersion "1"]
[SourceVersionDate "2022.10.05"]
[SourceQuality "1"]

1. e4 e6 2. d4 d5 3. Nc3 Nf6 4. exd5 exd5 5. Bg5 Be7 6. Nf3 c6 7. Be2 Bf5 8. 0-0 0-0 9. Qd2 Nbd7 10. Rfe1 Re8 11. Bd3 Bxd3 12. Qxd3 h6 13. Bh4 Qc7 14. Ne5 Bd6 15. f4 Bb4 16. Qf5 Nxe5 17. Bxf6 gxf6 18. fxe5 fxe5 19. dxe5 Bxc3 20. bxc3 Qc8 21. Qf4 Qe6 22. Re3 Kh7 23. Rf1 Re7 24. Kh1 Rg8 25. Rh3 Rg6 26. Rh5 Kg7 27. Rf5 Rd7 28. h4 h5 29. Qf3 Rh6 30. Rxh5 Rxh5 31. Qxh5 Qg6 32. Qxg6+ fxg6 33. e6 Re7 34. Re1 Kf6 35. Kh2 b5 36. Kg3 a5 37. Kf4 c5 38. g4 Rxe6 39. Rxe6+ Kxe6 40. h5 g5+ 41. Kxg5 Kf7 42. Kf5 b4 43. Ke5 1-0

[Event "Lublin Chmielewski Memorial"]
[Site "Lublin"]
[Date "2012.??.??"]
[Round "7"]
[White "Pikulinski, Janusz"]
[Black "Krzyzanowski, Wojciech Marcin"]
[Result "1-0"]
[WhiteElo "1967"]
[BlackElo "1988"]
[PlyCount "65"]
[EventDate "2012.12.27"]
[EventType "swiss"]
[EventRounds "7"]
[EventCountry "POL"]
[SourceTitle "CBM 152 Extra"]
[Source "ChessBase"]
[SourceDate "2013.02.25"]
[SourceVersion "1"]
[SourceVersionDate "2013.02.25"]
[SourceQuality "1"]

1. e4 c5 2. Nf3 Nc6 3. d4 cxd4 4. Nxd4 Nf6 5. Nc3 e5 6. Ndb5 d6 7. Nd5 Nxd5 8. exd5 Nb8 9. c4 a6 10. Nc3 f5 11. Be2 Be7 12. 0-0 0-0 13. Bd2 Nd7 14. b4 e4 15. Qc1 Bf6 16. Rb1 b6 17. f3 exf3 18. Bxf3 Ne5 19. Be2 Bd7 20. Qd1 Qc7 21. Qb3 Rfc8 22. Rbc1 Nxc4 23. Ne4 Bd4+ 24. Kh1 b5 25. Qd3 Be5 26. Ng5 Qd8 27. Ne6 Qh4 28. Bf4 Bxe6 29. g3 Qf6 30. dxe6 Bxf4 31. gxf4 Qxe6 32. Bf3 Qf6 33. Bxa8 1-0